00366nam a2200133 a 450000100100000000500170001000800410002704000250006808200150009310000200010824500440012826000320017230000280020400004137620201002034832.0131001s1982 sp a 000 0 spa d aDO-SdBNPbspacBNPHU axxxxbxxxx1 aMateu, Gregorio10aEs posible ser feliz :bGregorio Mateu. aBarcelona :bHerder,c1982. a342 p. :bil. ;c22 cm.